000 00646nam a2200301Ia 4500
005 20260401122313.0
008 008 250103s9999 xx 000 0 eng d
020 _a9780007257393
037 _aTB
040 _aEDL
040 _beng
040 _cEDL
041 _2eng
041 _aeng
084 _a863.44 ALL
084 _qEDL
100 _aAllende, Isabel
_9809857
245 0 _aInes of My Soul
245 0 _cAllende, Isabel
260 _aLondon
260 _bHarper Perennial
260 _c2007
300 _a321p
942 _cTB
942 _h863.44 ALL
999 _c1846375
_d1846375